Body Parts in the Bible - Statistics

General Stats
  • This quiz has been taken 52 times
  • The average score is 11 of 14
Answer Stats
Hint Body Part % Correct
Where Jesus was nailed onto the cross Hands
98%
Trust in the LORD with all your _____, and lean not on your own understanding Heart
98%
Where Jesus was nailed onto the cross Feet
96%
The body part that was cut off by Peter, and then healed by Jesus right after Ear
94%
Part of Adam that God made into Eve Rib
94%
If anyone slaps you on the right _____, turn to them the other _____ also. Cheek
92%
Part of Samson that gave him strength Hair
90%
Body part that Moses held up so that the Israelites won a battle Arm
88%
Phrase commonly mentioned in the Bible: "Gnashing of _____" Teeth
85%
Jesus is the ____ of the body and the church. Head
81%
I lift up my ____ to the hills. From where does my help come? Eyes
77%
What part of a fish Peter found a coin in Mouth
75%
Body part that James wrote about the dangers of Tongue
46%
Place where Sisera was stabbed by Jael Temple
21%
No matching quizzes found
Score Distribution
Percent of People with Each Score
Percentile by Number Answered
Your Score History
You have not taken this quiz